000 00309nam a22001337a 4500
008 170522b xxu||||| |||| 00| 0 eng d
020 _a9780060907921
041 _aeng
080 _a94(7/8)
100 _a16
101 _aSHH
245 _aA PEOPLE'S HISTORY OF THE UNITED STATES
_cZINN,H
942 _2udc
_cBK
999 _c13767
_d13767